00594 a2200157 4500010001400000020001100014035001300025037001800038082001700056100002500073245008000098260005700178270013600235300003600371650002900407 aENG-85436 c120.00 aEN-68969 bD.B.Act / Pub00a347.035026431 aSuryanarayana, R. V.10aSupreme court judgments on disciplinary proceedingscby R. V. Suryanarayana aBangalorebParsam Institute of Statutory Rulesc2005 a38/1, R.V. Road, Basavanagudi, Bangalore-560004bBangalorecKarnatakae560004minfo@parsaminstitute.comk080-51205574l080-26573951 av. 1 (xvi, 88 p.)c21 cm. (Pbk) 0aDisciplinary proceedings